Tablice rejestracyjne miast/powiatów Cała Polska - Statystyki

Ogólne statystyki
  • Ten quiz został rozwiązany 5 761 razy
    5 687 od ostatniego zresetowania
  • Średni wynik to 198 z 395
Statystyki odpowiedzi
Miasto / powiat Rejestracja % Poprawnych
Białystok BI
77%
Kraków KR / KK
75%
Radom WR
73%
Poznań PO / PY
72%
Warszawa Białołęka WA
72%
Suwałki BS
71%
Gdańsk GD
71%
Płock WP
71%
Warszawa Rembertów, Wilanów, Włochy WW
71%
Łomża BL
70%
Siedlce WS
70%
Wrocław DW
69%
Warszawa Bemowo WB
69%
Ostrołęka WO
69%
powiat legionowski WL
68%
Warszawa Mokotów WE
67%
powiat miński WM
67%
Łódź EL
66%
powiat garwoliński WG
66%
Warszawa Ursus WK
66%
powiat warszawski zachodni WZ
66%
Katowice SK
65%
Tarnów KT
64%
Warszawa Śródmieście WI
64%
Warszawa Ursynów WN
64%
Bydgoszcz CB
63%
Toruń CT
63%
Słupsk GS
63%
Zabrze SZ
63%
Warszawa Wawer WT
63%
Warszawa Ochota WU
63%
powiat augustowski BAU
62%
powiat białostocki BIA
62%
Legnica DL
62%
Lublin LU
62%
Opole OP
62%
Kalisz PK
62%
Leszno PL
62%
Bielsko-Biała SB
62%
Częstochowa SC
62%
Tychy ST
62%
Włocławek CW
61%
powiat gdański GDA
61%
Nowy Sącz KN
61%
Sosnowiec SO
61%
Rybnik SR
61%
Warszawa Bielany WD
61%
Jelenia Góra DJ
60%
Gliwice SG
60%
Mysłowice SM
60%
Świętochłowice SW
60%
Grudziądz CG
59%
Wałbrzych DB
59%
Piotrków Trybunalski EP
59%
Skierniewice ES
59%
Dąbrowa Górnicza SD
59%
Jaworzno SJ
59%
Ruda Śląska SL
59%
Warszawa Praga Południe WF
59%
Warszawa Praga Północ WH
59%
powiat wołomiński WWL / WV
59%
Warszawa Wola WY
59%
powiat grajewski BGR
58%
powiat hajnowski BHA
58%
powiat suwalski BSU
58%
powiat krakowski KRA
58%
Biała Podlaska LB
58%
powiat poznański PZ
58%
Rzeszów RZ
58%
Warszawa Targówek WJ
58%
powiat siemiatycki BSI
57%
Gdynia GA
57%
Zamość LZ
57%
powiat pilski PP
57%
powiat sejneński BSE
56%
powiat wrocławski DWR
56%
Chełm LC
56%
Konin PN
56%
Warszawa Wesoła / Warszawa Żoliborz WX
56%
powiat bielski BBI
55%
powiat kolneński BKL
55%
powiat sokólski BSK
55%
powiat zambrowski BZA
55%
powiat bydgoski CBY
55%
Przemyśl RP
55%
powiat moniecki BMN
54%
powiat wysokomazowiecki BWM
54%
powiat brodnicki CBR
54%
powiat kłodzki DKL
54%
powiat wołowski DWL
54%
owiat kędzierzyńsko-kozielski OK
54%
Krosno RK
54%
Tarnobrzeg RT
54%
powiat łomżyński BLM
53%
powiat aleksandrowski CAL
53%
powiat inowrocławski CIN
53%
powiat toruński CTR
53%
powiat włocławski CWL
53%
powiat głogowski DGL
53%
powiat jaworski DJA
53%
powiat legnicki DLE
53%
powiat lubiński DLU
53%
powiat oleśnicki DOL
53%
powiat bełchatowski EBE
53%
powiat łaski ELA
53%
powiat radomszczański ERA
53%
powiat limanowski KLI
53%
powiat olkuski KOL
53%
powiat oświęcimski KOS
53%
powiat tarnowski KTA
53%
powiat wadowicki KWA
53%
Chorzów SH
53%
Siemianowice Śląskie SI
53%
Szczecin ZS / ZZ
53%
powiat chełmiński CCH
52%
powiat grudziądzki CGR
52%
powiat lipnowski CLI
52%
powiat tucholski CTU
52%
powiat jeleniogórski DJE
52%
powiat lwówecki DLW
52%
powiat milicki DMI
52%
powiat świdnicki DSW
52%
powiat kutnowski EKU
52%
powiat opoczyński EOP
52%
powiat pabianicki EPA
52%
powiat piotrkowski EPI
52%
powiat chojnicki GCH
52%
powiat wejherowski GWO / GWE
52%
powiat chrzanowski KCH
52%
powiat myślenicki KMY
52%
powiat nowosądecki KNS
52%
powiat wielicki KWI
52%
Olsztyn NO
52%
powiat brzeski OB
52%
Bytom SY
52%
Kielce TK
52%
powiat nakielski CNA
51%
powiat radziejowski CRA
51%
powiat rypiński CRY
51%
powiat świecki CSW
51%
powiat wąbrzeski CWA
51%
powiat żniński CZN
51%
powiat bolesławiecki DBL
51%
powiat dzierżoniowski DDZ
51%
powiat górowski DGR
51%
powiat kamiennogórski DKA
51%
powiat polkowicki DPL
51%
powiat średzki DSR
51%
powiat strzeliński DST
51%
powiat trzebnicki DTR
51%
powiat zgorzelecki DZG
51%
powiat brzeziński EBR
51%
powiat łęczycki ELE
51%
powiat sieradzki ESI
51%
powiat skierniewicki ESK
51%
powiat tomaszowski ETM
51%
powiat wieluński EWI
51%
powiat zgierski EZG
51%
Gorzów Wielkopolski FG
51%
Zielona Góra FZ
51%
powiat bytowski GBY
51%
powiat kartuski GKA
51%
powiat pucki GPU
51%
powiat słupski GSL
51%
powiat starogardzki GST
51%
powiat bocheński KBC / KBA
51%
powiat brzeski KBR
51%
powiat miechowski KMI
51%
powiat nowotarski KNT
51%
powiat proszowicki KPR
51%
powiat suski KSU
51%
powiat tatrzański KTT
51%
powiat bialski LBI
51%
powiat chełmski LCH
51%
powiat łukowski LLU
51%
powiat lubelski LUB
51%
powiat opolski OPO
51%
powiat gnieźnieński PGN
51%
powiat kaliski PKA
51%
powiat koniński PKN
51%
powiat ostrowski POS
51%
powiat pszczyński SPS
51%
powiat pruszkowski WPR / WPP / WPS
51%
powiat golubsko-dobrzyński CGD
50%
powiat mogileński CMG
50%
powiat sępoleński CSE
50%
powiat lubański DLB
50%
powiat ząbkowicki DZA
50%
powiat złotoryjski DZL
50%
powiat łódzki wschodni ELW
50%
powiat poddębicki EPD
50%
powiat pajęczański EPJ
50%
powiat rawski ERW
50%
powiat zduńskowolski EZD
50%
powiat człuchowski GCZ
50%
powiat kościerski GKS
50%
powiat kwidzyński GKW
50%
powiat lęborski GLE
50%
powiat tczewski GTC
50%
powiat dąbrowski KDA
50%
powiat gorlicki KGR
50%
powiat hrubieszowski LHR
50%
powiat kraśnicki LKR
50%
powiat chodzieski PCH
50%
powiat jarociński PJA
50%
powiat kępiński PKE
50%
powiat kolski PKL
50%
powiat krotoszyński PKR
50%
powiat kościański PKS
50%
powiat leszczyński PLE
50%
powiat bielski SBI
50%
powiat częstochowski SCZ
50%
powiat sztumski GSZ
49%
powiat janowski LJA
49%
powiat puławski LPU
49%
powiat zamojski LZA
49%
Elbląg NE
49%
powiat kluczborski OKL
49%
powiat namysłowski ONA
49%
powiat nyski ONY
49%
powiat czarnkowsko-trzcianecki PCT
49%
powiat grodziski PGO
49%
powiat obornicki POB
49%
powiat rawicki PRA
49%
powiat słupecki PSL
49%
powiat średzki PSR
49%
powiat szamotulski PSZ
49%
powiat wrzesiński PWR
49%
powiat malborski GMB
48%
powiat nowodworski GND
48%
powiat biłgorajski LBL
48%
powiat krasnostawski LKS
48%
powiat łęczyński LLE
48%
powiat opolski LOP
48%
powiat parczewski LPA
48%
powiat radzyński LRA
48%
powiat rycki LRY
48%
powiat świdnicki LSW
48%
powiat krapkowicki OKR
48%
powiat prudnicki OPR
48%
powiat strzelecki OST
48%
powiat międzychodzki PMI
48%
powiat ostrzeszowski POT
48%
powiat turecki PTU
48%
powiat wągrowiecki PWA
48%
powiat złotowski PZL
48%
powiat jarosławski RJA
48%
powiat cieszyński SCI
48%
powiat gliwicki SGL
48%
powiat kłobucki SKL
48%
Koszalin ZK
48%
powiat tomaszowski LTM
47%
powiat włodawski LWL
47%
powiat głubczycki OGL
47%
powiat gostyński PGS
47%
powiat nowotomyski PNT
47%
powiat wolsztyński PWL
47%
powiat bieszczadzki RBI
47%
powiat dębicki RDE
47%
powiat jasielski RJS
47%
powiat mielecki RMI
47%
powiat sanocki RSA
47%
powiat stalowowolski RST
47%
powiat będziński SBE
47%
Jastrzębie-Zdrój SJZ
47%
powiat mikołowski SMI
47%
powiat myszkowski SMY
47%
powiat tarnogórski STA
47%
powiat zawierciański SZA
47%
powiat radomski WRA
47%
powiat oławski DOA
46%
powiat wieruszowski EWE
46%
powiat olsztyński NOL
46%
powiat pleszewski PPL
46%
powiat śremski PSE
46%
powiat brzozowski RBR
46%
powiat krośnieński RKR
46%
powiat leżajski RLE
46%
powiat niżański RNI
46%
powiat przemyski RPR
46%
powiat rzeszowski RZE
46%
powiat bieruńsko-lędziński SBL
46%
powiat lubliniecki SLU
46%
powiat rybnicki SRB
46%
powiat żywiecki SZY
46%
powiat kielecki TKI
46%
powiat grójecki WGR
46%
powiat żarski FZA
45%
Sopot GSP
45%
powiat bartoszycki NBA
45%
powiat działdowski NDZ
45%
powiat ełcki NEL
45%
powiat iławski NIL
45%
powiat mrągowski NMR
45%
powiat ostródzki NOS
45%
powiat kolbuszowski RKL
45%
powiat lubaczowski RLU
45%
powiat raciborski SRC
45%
powiat wodzisławski SWD
45%
Żory SZO
45%
powiat piaseczyński WPI
45%
powiat płocki WPL
45%
powiat łowicki ELC
44%
powiat krośnieński FKR
44%
powiat słubicki FSL
44%
powiat żagański FZG
44%
powiat zielonogórski FZI
44%
powiat braniewski NBR
44%
powiat giżycki NGI
44%
powiat gołdapski NGO
44%
powiat kętrzyński NKE
44%
powiat lidzbarski NLI
44%
powiat piski NPI
44%
powiat oleski OOL
44%
powiat łańcucki RLA
44%
powiat leski RLS
44%
powiat przeworski RPZ
44%
powiat ropczycko-sędziszowski RRS
44%
powiat tarnobrzeski RTA
44%
powiat sandomierski TSA
44%
powiat ostrołęcki WOS
44%
powiat otwocki WOT
44%
powiat siedlecki WSI
44%
powiat międzyrzecki FMI
43%
powiat strzelecko-drezdenecki FSD
43%
powiat sulęciński FSU
43%
powiat świebodziński FSW
43%
powiat wschowski FWS
43%
powiat lubartowski LLB
43%
powiat elbląski NEB
43%
powiat nidzicki NNI
43%
powiat szczycieński NSZ
43%
powiat węgorzewski NWE
43%
powiat buski TBU
43%
powiat jędrzejowski TJE
43%
powiat kazimierski TKA
43%
powiat opatowski TOP
43%
powiat ostrowiecki TOS
43%
powiat ciechanowski WCI
43%
powiat lipski WLI
43%
powiat mławski WML
43%
powiat węgrowski WWE
43%
powiat nowosolski FNW
42%
Piekary Śląskie SPI
42%
powiat pińczowski TPI
42%
powiat skarżyski TSK
42%
powiat starachowicki TST
42%
powiat makowski WMA
42%
powiat pułtuski WPU
42%
powiat szydłowiecki WSZ
42%
Świnoujście ZSW
42%
powiat gorzowski FGW
41%
powiat konecki TKN
41%
powiat gostyniński WGS
41%
powiat nowodworski WND
41%
powiat sochaczewski WSC
41%
powiat sokołowski WSK
41%
powiat wyszkowski WWY
41%
powiat gryfiński ZGR
41%
powiat koszaliński ZKO
41%
powiat nowomiejski NNM
40%
powiat kozieniecki WKZ
40%
powiat płoński WPN
40%
powiat zwoleński WZW
40%
powiat żyrardowski WZY
40%
powiat kołobrzeski ZKL
40%
powiat stargardzki ZST
40%
powiat szczecinecki ZSZ
40%
powiat olecki NOE
39%
powiat przasnyski WPZ
39%
powiat sierpecki WSE
39%
powiat żuromiński WZU
39%
powiat białogardzki ZBI
39%
powiat choszczeński ZCH
39%
powiat drawski ZDR
39%
powiat goleniowski ZGL
39%
powiat kamieński ZKA
39%
powiat łobeski ZLO
39%
powiat policki ZPL
39%
powiat wałecki ZWA
39%
powiat strzyżowski RSR
38%
powiat staszowski TSZ
38%
powiat myśliborski ZMY
38%
powiat pyrzycki ZPY
38%
powiat sławieński ZSL
38%
powiat łosicki WLS
37%
powiat gryficki ZGY
37%
powiat świdwiński ZSD
36%
powiat wałbrzyski DBA
35%
powiat ostrowski WOR
35%
powiat przysuski WPY
35%
powiat wodzisławski SWZ
33%
powiat białobrzeski WBR
28%
powiat grodziski WGM
22%
powiat włoszczowski TLW
16%
Nie znaleziono quizów pasujących do podanych kryteriów
Rozkład punktacji
Procent ludzi z każdym wynikiem
Percentyl według liczby udzielonych odpowiedzi
Twoja historia wyników
Nie rozwiązałeś tego quizu od ostatniego zresetowania